[Event "Hoogeveen Open"]
[Site "Hoogeveen, Netherlands"]
[Date "2018.10.22"]
[Round "3.5"]
[White "Warmerdam, Max"]
[Black "Van Den Doel, Erik"]
[Result "0-1"]
[WhiteElo "2417"]
[BlackElo "2607"]

1. d4 {[%clk 01:30:57]} {[%emt 00:00:02]} d5 {[%clk 01:30:55]} {[%emt
00:00:06]} 2. c4 {[%clk 01:31:23]} {[%emt 00:00:03]} c6 {[%clk 01:31:21]}
{[%emt 00:00:04]} 3. Nf3 {[%clk 01:31:49]} {[%emt 00:00:04]} Nf6 {[%clk
01:31:47]} {[%emt 00:00:04]} 4. e3 {[%clk 01:32:14]} {[%emt 00:00:05]} Bf5
{[%clk 01:29:06]} {[%emt 00:03:12]} 5. Nc3 {[%clk 01:32:15]} {[%emt 00:00:29]}
e6 {[%clk 01:23:46]} {[%emt 00:05:50]} 6. Nh4 {[%clk 01:32:34]} {[%emt
00:00:11]} Be4 {[%clk 01:20:14]} {[%emt 00:04:02]} 7. f3 {[%clk 01:21:47]}
{[%emt 00:11:17]} Bg6 {[%clk 01:20:39]} {[%emt 00:00:05]} 8. Nxg6 {[%clk
01:14:08]} {[%emt 00:08:08]} hxg6 {[%clk 01:21:04]} {[%emt 00:00:05]} 9. g3
{[%clk 01:14:26]} {[%emt 00:00:12]} Bd6 {[%clk 01:08:23]} {[%emt 00:13:12]} 10.
Kf2 {[%clk 01:13:48]} {[%emt 00:01:08]} c5 {[%clk 01:06:10]} {[%emt 00:02:44]}
11. cxd5 {[%clk 01:03:56]} {[%emt 00:10:22]} exd5 {[%clk 01:05:03]} {[%emt
00:01:37]} 12. Nb5 {[%clk 01:02:12]} {[%emt 00:02:13]} Be7 {[%clk 01:00:29]}
{[%emt 00:05:04]} 13. dxc5 {[%clk 00:55:25]} {[%emt 00:07:17]} Bxc5 {[%clk
01:00:15]} {[%emt 00:00:45]} 14. Bd2 {[%clk 00:54:58]} {[%emt 00:00:57]} Nc6
{[%clk 00:50:10]} {[%emt 00:10:35]} 15. Bc3 {[%clk 00:54:15]} {[%emt 00:01:13]}
O-O {[%clk 00:44:14]} {[%emt 00:06:27]} 16. Nd4 {[%clk 00:46:44]} {[%emt
00:08:01]} Re8 {[%clk 00:44:36]} {[%emt 00:00:08]} 17. Bh3 {[%clk 00:34:19]}
{[%emt 00:12:54]} Nh7 {[%clk 00:36:12]} {[%emt 00:08:54]} 18. Bg2 {[%clk
00:32:20]} {[%emt 00:02:29]} Ng5 {[%clk 00:32:29]} {[%emt 00:04:13]} 19. Re1
{[%clk 00:29:50]} {[%emt 00:03:01]} Qf6 {[%clk 00:32:47]} {[%emt 00:00:12]} 20.
Kg1 {[%clk 00:10:42]} {[%emt 00:19:37]} Nxd4 {[%clk 00:30:27]} {[%emt
00:02:50]} 21. Bxd4 {[%clk 00:10:58]} {[%emt 00:00:13]} Bxd4 {[%clk 00:30:47]}
{[%emt 00:00:11]} 22. Qxd4 {[%clk 00:11:21]} {[%emt 00:00:07]} Nxf3+ {[%clk
00:31:08]} {[%emt 00:00:09]} 23. Bxf3 {[%clk 00:11:47]} {[%emt 00:00:04]} Qxf3
{[%clk 00:31:35]} {[%emt 00:00:04]} 24. Rad1 {[%clk 00:12:09]} {[%emt
00:00:08]} Rac8 {[%clk 00:26:37]} {[%emt 00:05:28]} 25. Rd2 {[%clk 00:11:02]}
{[%emt 00:01:37]} b6 {[%clk 00:24:50]} {[%emt 00:02:17]} 26. Qf4 {[%clk
00:02:23]} {[%emt 00:09:08]} Qh5 {[%clk 00:18:38]} {[%emt 00:06:43]} 27. e4
{[%clk 00:01:02]} {[%emt 00:01:52]} dxe4 {[%clk 00:07:40]} {[%emt 00:11:28]} 28.
Rxe4 {[%clk 00:01:26]} {[%emt 00:00:06]} Qh3 {[%clk 00:07:14]} {[%emt
00:00:56]} 29. Rxe8+ {[%clk 00:01:35]} {[%emt 00:00:21]} Rxe8 {[%clk 00:07:41]}
{[%emt 00:00:04]} 30. Qf1 {[%clk 00:01:57]} {[%emt 00:00:07]} Qe6 {[%clk
00:07:38]} {[%emt 00:00:33]} 31. a3 {[%clk 00:02:03]} {[%emt 00:00:24]} Rc8
{[%clk 00:07:09]} {[%emt 00:00:59]} 32. Kg2 {[%clk 00:00:49]} {[%emt 00:01:43]}
Rc5 {[%clk 00:07:01]} {[%emt 00:00:39]} 33. Re2 {[%clk 00:00:34]} {[%emt
00:00:45]} Re5 {[%clk 00:06:30]} {[%emt 00:01:01]} 34. Rxe5 {[%clk 00:30:30]}
{[%emt 00:00:35]} 0-1

[Event "Hoogeveen Open"]
[Site "Hoogeveen, Netherlands"]
[Date "2018.10.22"]
[Round "3.6"]
[White "Kryakvin, Dmitry"]
[Black "Van Delft, Merijn"]
[Result "1/2-1/2"]
[WhiteElo "2595"]
[BlackElo "2381"]

1. d4 {[%clk 01:30:38]} {[%emt 00:00:21]} d5 {[%clk 01:30:51]} {[%emt
00:00:07]} 2. Bf4 {[%clk 01:29:28]} {[%emt 00:01:42]} c5 {[%clk 01:31:05]}
{[%emt 00:00:17]} 3. e3 {[%clk 01:29:50]} {[%emt 00:00:08]} cxd4 {[%clk
01:31:28]} {[%emt 00:00:08]} 4. exd4 {[%clk 01:30:15]} {[%emt 00:00:05]} Nc6
{[%clk 01:31:34]} {[%emt 00:00:22]} 5. c3 {[%clk 01:29:48]} {[%emt 00:00:59]}
Bf5 {[%clk 01:31:25]} {[%emt 00:00:38]} 6. Nf3 {[%clk 01:29:43]} {[%emt
00:00:36]} e6 {[%clk 01:31:15]} {[%emt 00:00:38]} 7. Qb3 {[%clk 01:26:09]}
{[%emt 00:04:05]} Qd7 {[%clk 01:31:22]} {[%emt 00:00:21]} 8. Nh4 {[%clk
01:19:41]} {[%emt 00:07:00]} Be4 {[%clk 01:31:35]} {[%emt 00:00:17]} 9. Nd2
{[%clk 01:19:55]} {[%emt 00:00:17]} Nge7 {[%clk 01:31:38]} {[%emt 00:00:26]} 10.
Be2 {[%clk 01:18:30]} {[%emt 00:01:55]} Ng6 {[%clk 01:31:41]} {[%emt 00:00:27]}
11. Nxg6 {[%clk 01:18:45]} {[%emt 00:00:15]} Bxg6 {[%clk 01:32:00]} {[%emt
00:00:09]} 12. h4 {[%clk 01:12:54]} {[%emt 00:06:22]} h6 {[%clk 01:31:05]}
{[%emt 00:01:25]} 13. Nf3 {[%clk 01:04:49]} {[%emt 00:08:36]} a6 {[%clk
01:25:31]} {[%emt 00:06:04]} 14. Ne5 {[%clk 00:55:47]} {[%emt 00:09:32]} Nxe5
{[%clk 01:25:42]} {[%emt 00:00:19]} 15. Bxe5 {[%clk 00:56:13]} {[%emt
00:00:04]} f6 {[%clk 01:24:31]} {[%emt 00:01:40]} 16. Bf4 {[%clk 00:55:41]}
{[%emt 00:01:01]} Bd6 {[%clk 01:00:59]} {[%emt 00:24:04]} 17. Bxd6 {[%clk
00:50:53]} {[%emt 00:05:19]} Qxd6 {[%clk 01:01:18]} {[%emt 00:00:09]} 18. Qa4+
{[%clk 00:48:20]} {[%emt 00:03:04]} Kf7 {[%clk 00:56:00]} {[%emt 00:05:46]} 19.
Rh3 {[%clk 00:45:24]} {[%emt 00:03:26]} Bf5 {[%clk 00:51:34]} {[%emt 00:04:57]}
20. g4 {[%clk 00:39:50]} {[%emt 00:06:05]} Be4 {[%clk 00:50:40]} {[%emt
00:01:22]} 21. Kf1 {[%clk 00:36:43]} {[%emt 00:03:38]} Rae8 {[%clk 00:48:24]}
{[%emt 00:02:45]} 22. Rd1 {[%clk 00:31:02]} {[%emt 00:06:11]} Re7 {[%clk
00:47:53]} {[%emt 00:01:00]} 23. Rd2 {[%clk 00:25:18]} {[%emt 00:06:15]} Qf4
{[%clk 00:46:20]} {[%emt 00:02:03]} 24. Qd1 {[%clk 00:25:41]} {[%emt 00:00:08]}
f5 {[%clk 00:36:33]} {[%emt 00:10:16]} 25. Kg1 {[%clk 00:21:40]} {[%emt
00:04:31]} fxg4 {[%clk 00:35:40]} {[%emt 00:01:23]} 26. Bxg4 {[%clk 00:21:07]}
{[%emt 00:01:03]} Rf8 {[%clk 00:35:46]} {[%emt 00:00:24]} 27. f3 {[%clk
00:14:41]} {[%emt 00:06:56]} Bf5 {[%clk 00:33:04]} {[%emt 00:03:12]} 28. Rg2
{[%clk 00:14:44]} {[%emt 00:00:28]} Kg8 {[%clk 00:30:34]} {[%emt 00:02:57]} 29.
Qd2 {[%clk 00:12:41]} {[%emt 00:02:36]} Qxd2 {[%clk 00:27:24]} {[%emt
00:03:40]} 30. Rxd2 {[%clk 00:12:57]} {[%emt 00:00:14]} Bxg4 {[%clk 00:27:31]}
{[%emt 00:00:22]} 31. fxg4 {[%clk 00:13:19]} {[%emt 00:00:09]} Rf4 {[%clk
00:27:48]} {[%emt 00:00:12]} 32. Rg2 {[%clk 00:10:42]} {[%emt 00:03:08]} e5
{[%clk 00:24:30]} {[%emt 00:03:47]} 33. dxe5 {[%clk 00:10:39]} {[%emt
00:00:35]} Rxe5 {[%clk 00:24:45]} {[%emt 00:00:13]} 34. Rd3 {[%clk 00:09:32]}
{[%emt 00:01:38]} g5 {[%clk 00:20:34]} {[%emt 00:04:39]} 35. hxg5 {[%clk
00:08:55]} {[%emt 00:01:09]} hxg5 {[%clk 00:19:30]} {[%emt 00:01:33]} 36. Kh2
{[%clk 00:07:45]} {[%emt 00:01:41]} Kf7 {[%clk 00:17:06]} {[%emt 00:02:54]} 37.
Rh3 {[%clk 00:07:50]} {[%emt 00:00:26]} Kg7 {[%clk 00:14:11]} {[%emt 00:03:25]}
38. Rd3 {[%clk 00:07:59]} {[%emt 00:00:22]} Kf7 {[%clk 00:13:41]} {[%emt
00:00:57]} 39. Rh3 {[%clk 00:08:26]} {[%emt 00:00:05]} Kg7 {[%clk 00:13:52]}
{[%emt 00:00:19]} 40. Rd3 {[%clk 00:08:50]} {[%emt 00:00:06]} Kf7 {[%clk
00:14:06]} {[%emt 00:00:15]} 41. Rh3 {[%clk 00:09:14]} {[%emt 00:00:06]}
1/2-1/2

[Event "Hoogeveen Open"]
[Site "Hoogeveen, Netherlands"]
[Date "2018.10.22"]
[Round "3.7"]
[White "Miedema, David"]
[Black "Pruijssers, Roeland"]
[Result "1/2-1/2"]
[WhiteElo "2379"]
[BlackElo "2501"]

1. d4 {[%clk 01:30:57]} {[%emt 00:00:02]} f5 {[%clk 01:30:52]} {[%emt
00:00:08]} 2. g3 {[%clk 01:31:23]} {[%emt 00:00:04]} Nf6 {[%clk 01:31:15]}
{[%emt 00:00:07]} 3. Bg2 {[%clk 01:31:50]} {[%emt 00:00:03]} g6 {[%clk
01:31:28]} {[%emt 00:00:17]} 4. Nf3 {[%clk 01:32:14]} {[%emt 00:00:06]} Bg7
{[%clk 01:31:53]} {[%emt 00:00:05]} 5. O-O {[%clk 01:31:41]} {[%emt 00:01:02]}
O-O {[%clk 01:32:16]} {[%emt 00:00:08]} 6. b3 {[%clk 01:32:05]} {[%emt
00:00:07]} e6 {[%clk 01:27:44]} {[%emt 00:05:01]} 7. Bb2 {[%clk 01:30:10]}
{[%emt 00:02:25]} d6 {[%clk 01:25:57]} {[%emt 00:02:18]} 8. Nbd2 {[%clk
01:28:07]} {[%emt 00:02:32]} Qe7 {[%clk 01:24:12]} {[%emt 00:02:15]} 9. Qe1
{[%clk 01:17:48]} {[%emt 00:10:49]} Nc6 {[%clk 01:07:10]} {[%emt 00:17:33]} 10.
e4 {[%clk 01:08:37]} {[%emt 00:09:41]} fxe4 {[%clk 01:05:51]} {[%emt 00:01:48]}
11. Nxe4 {[%clk 01:09:01]} {[%emt 00:00:06]} e5 {[%clk 01:06:16]} {[%emt
00:00:06]} 12. Nxf6+ {[%clk 00:59:24]} {[%emt 00:10:07]} Bxf6 {[%clk 01:06:24]}
{[%emt 00:00:22]} 13. d5 {[%clk 00:58:16]} {[%emt 00:01:38]} Nd8 {[%clk
01:03:49]} {[%emt 00:03:04]} 14. Nd2 {[%clk 00:57:55]} {[%emt 00:00:51]} Nf7
{[%clk 01:03:39]} {[%emt 00:00:40]} 15. Ne4 {[%clk 00:48:38]} {[%emt 00:09:48]}
Bg7 {[%clk 01:02:31]} {[%emt 00:01:35]} 16. Qc3 {[%clk 00:46:43]} {[%emt
00:02:27]} Bf5 {[%clk 00:57:28]} {[%emt 00:05:32]} 17. Rae1 {[%clk 00:46:33]}
{[%emt 00:00:40]} Rac8 {[%clk 00:57:01]} {[%emt 00:00:58]} 18. Qb4 {[%clk
00:41:26]} {[%emt 00:05:37]} Rb8 {[%clk 00:46:57]} {[%emt 00:10:34]} 19. Re2
{[%clk 00:38:13]} {[%emt 00:03:43]} b6 {[%clk 00:36:25]} {[%emt 00:11:03]} 20.
a4 {[%clk 00:32:59]} {[%emt 00:05:44]} a5 {[%clk 00:34:02]} {[%emt 00:02:52]}
21. Qc4 {[%clk 00:30:43]} {[%emt 00:02:46]} Qd7 {[%clk 00:33:54]} {[%emt
00:00:38]} 22. Bc1 {[%clk 00:29:30]} {[%emt 00:01:43]} Rbe8 {[%clk 00:33:19]}
{[%emt 00:01:05]} 23. h4 {[%clk 00:24:07]} {[%emt 00:05:53]} h5 {[%clk
00:31:16]} {[%emt 00:02:33]} 24. Kh2 {[%clk 00:22:30]} {[%emt 00:02:07]} Kh8
{[%clk 00:31:33]} {[%emt 00:00:13]} 25. f3 {[%clk 00:20:26]} {[%emt 00:02:34]}
Rc8 {[%clk 00:31:23]} {[%emt 00:00:41]} 26. Ref2 {[%clk 00:17:30]} {[%emt
00:03:25]} c6 {[%clk 00:30:43]} {[%emt 00:01:11]} 27. Ba3 {[%clk 00:12:45]}
{[%emt 00:05:16]} cxd5 {[%clk 00:27:55]} {[%emt 00:03:17]} 28. Qxd5 {[%clk
00:13:12]} {[%emt 00:00:02]} Rfd8 {[%clk 00:28:18]} {[%emt 00:00:07]} 29. c4
{[%clk 00:13:16]} {[%emt 00:00:27]} Be6 {[%clk 00:28:17]} {[%emt 00:00:30]} 30.
Qd1 {[%clk 00:11:54]} {[%emt 00:01:52]} d5 {[%clk 00:27:35]} {[%emt 00:01:13]}
31. cxd5 {[%clk 00:11:38]} {[%emt 00:00:46]} Qxd5 {[%clk 00:28:02]} {[%emt
00:00:02]} 32. Qxd5 {[%clk 00:10:57]} {[%emt 00:01:12]} Bxd5 {[%clk 00:28:14]}
{[%emt 00:00:18]} 33. Bh3 {[%clk 00:09:05]} {[%emt 00:02:21]} Rc7 {[%clk
00:28:42]} {[%emt 00:00:02]} 34. Rb1 {[%clk 00:05:42]} {[%emt 00:03:53]} Bxe4
{[%clk 00:27:04]} {[%emt 00:02:08]} 35. fxe4 {[%clk 00:06:09]} {[%emt
00:00:03]} Nh6 {[%clk 00:27:28]} {[%emt 00:00:07]} 36. Rbf1 {[%clk 00:02:27]}
{[%emt 00:04:12]} Rd3 {[%clk 00:19:03]} {[%emt 00:08:54]} 37. Rf3 {[%clk
00:02:48]} {[%emt 00:00:09]} Rxf3 {[%clk 00:18:33]} {[%emt 00:00:59]} 38. Rxf3
{[%clk 00:03:15]} {[%emt 00:00:03]} Ng4+ {[%clk 00:18:54]} {[%emt 00:00:09]} 39.
Bxg4 {[%clk 00:02:37]} {[%emt 00:01:09]} hxg4 {[%clk 00:19:21]} {[%emt
00:00:02]} 40. Rd3 {[%clk 00:02:05]} {[%emt 00:01:03]} Bf6 {[%clk 00:05:39]}
{[%emt 00:14:12]} 41. Bd6 {[%clk 00:01:01]} {[%emt 00:01:33]} Rc2+ {[%clk
00:01:09]} {[%emt 00:05:00]} 42. Kg1 {[%clk 00:01:21]} {[%emt 00:00:11]} Kg7
{[%clk 00:00:56]} {[%emt 00:00:42]} 43. Bb8 {[%clk 00:01:38]} {[%emt 00:00:14]}
Kf7 {[%clk 00:22:12]} {[%emt 00:09:13]} 1/2-1/2

[Event "Hoogeveen Open"]
[Site "Hoogeveen, Netherlands"]
[Date "2018.10.22"]
[Round "3.8"]
[White "Shyaamnikhil, P"]
[Black "De Boer, Eelke"]
[Result "1-0"]
[WhiteElo "2429"]
[BlackElo "2285"]

1. e4 {[%clk 01:30:07]} {[%emt 00:00:51]} c5 {[%clk 01:30:53]} {[%emt
00:00:07]} 2. Nf3 {[%clk 01:29:30]} {[%emt 00:01:07]} d6 {[%clk 01:31:15]}
{[%emt 00:00:08]} 3. d4 {[%clk 01:26:12]} {[%emt 00:03:48]} cxd4 {[%clk
01:29:25]} {[%emt 00:02:22]} 4. Nxd4 {[%clk 01:26:07]} {[%emt 00:00:35]} Nf6
{[%clk 01:29:46]} {[%emt 00:00:08]} 5. Nc3 {[%clk 01:26:34]} {[%emt 00:00:03]}
a6 {[%clk 01:30:09]} {[%emt 00:00:07]} 6. h3 {[%clk 01:26:49]} {[%emt
00:00:14]} e6 {[%clk 01:29:45]} {[%emt 00:00:54]} 7. g4 {[%clk 01:25:11]}
{[%emt 00:02:08]} Be7 {[%clk 01:29:58]} {[%emt 00:00:17]} 8. g5 {[%clk
01:21:02]} {[%emt 00:04:39]} Nfd7 {[%clk 01:30:08]} {[%emt 00:00:20]} 9. h4
{[%clk 01:21:19]} {[%emt 00:00:13]} b5 {[%clk 01:30:08]} {[%emt 00:00:29]} 10.
Bg2 {[%clk 01:18:09]} {[%emt 00:03:41]} Bb7 {[%clk 01:28:06]} {[%emt 00:02:32]}
11. Nce2 {[%clk 01:17:01]} {[%emt 00:01:38]} Nc6 {[%clk 01:08:25]} {[%emt
00:20:11]} 12. c3 {[%clk 01:13:05]} {[%emt 00:04:26]} Rc8 {[%clk 01:03:09]}
{[%emt 00:05:44]} 13. Ng3 {[%clk 01:07:55]} {[%emt 00:05:41]} Nb6 {[%clk
00:44:53]} {[%emt 00:18:47]} 14. b3 {[%clk 00:55:20]} {[%emt 00:13:06]} d5
{[%clk 00:39:11]} {[%emt 00:06:11]} 15. Nxc6 {[%clk 00:51:21]} {[%emt
00:04:29]} Bxc6 {[%clk 00:38:23]} {[%emt 00:01:18]} 16. Qd4 {[%clk 00:48:56]}
{[%emt 00:02:55]} f6 {[%clk 00:17:10]} {[%emt 00:21:42]} 17. Be3 {[%clk
00:31:06]} {[%emt 00:18:20]} Rb8 {[%clk 00:17:15]} {[%emt 00:00:25]} 18. gxf6
{[%clk 00:30:43]} {[%emt 00:00:53]} gxf6 {[%clk 00:16:20]} {[%emt 00:01:25]} 19.
Bf3 {[%clk 00:26:52]} {[%emt 00:04:22]} Qd6 {[%clk 00:07:46]} {[%emt 00:09:03]}
20. Rd1 {[%clk 00:21:43]} {[%emt 00:05:39]} Ba8 {[%clk 00:01:35]} {[%emt
00:06:42]} 21. exd5 {[%clk 00:16:55]} {[%emt 00:05:18]} 1-0

[Event "Hoogeveen Open"]
[Site "Hoogeveen, Netherlands"]
[Date "2018.10.22"]
[Round "3.9"]
[White "Zarkovic, Mila"]
[Black "Buckels, Valentin"]
[Result "0-1"]
[WhiteElo "2213"]
[BlackElo "2413"]

1. e4 {[%clk 01:30:58]} {[%emt 00:00:01]} e5 {[%clk 01:30:51]} {[%emt
00:00:10]} 2. Nf3 {[%clk 01:31:21]} {[%emt 00:00:06]} Nc6 {[%clk 01:31:14]}
{[%emt 00:00:08]} 3. Bb5 {[%clk 01:31:45]} {[%emt 00:00:06]} g6 {[%clk
01:31:34]} {[%emt 00:00:09]} 4. d4 {[%clk 01:25:45]} {[%emt 00:06:31]} exd4
{[%clk 01:31:41]} {[%emt 00:00:22]} 5. Nxd4 {[%clk 01:21:38]} {[%emt 00:04:38]}
Bg7 {[%clk 01:28:35]} {[%emt 00:03:35]} 6. Be3 {[%clk 01:18:35]} {[%emt
00:03:33]} Nf6 {[%clk 01:23:33]} {[%emt 00:05:32]} 7. Nc3 {[%clk 01:13:03]}
{[%emt 00:06:03]} O-O {[%clk 01:22:45]} {[%emt 00:01:17]} 8. f3 {[%clk
01:07:47]} {[%emt 00:05:47]} a6 {[%clk 01:16:56]} {[%emt 00:06:19]} 9. Bxc6
{[%clk 01:04:43]} {[%emt 00:03:33]} bxc6 {[%clk 01:15:44]} {[%emt 00:01:42]} 10.
Qd2 {[%clk 00:56:44]} {[%emt 00:08:30]} Qe7 {[%clk 01:10:31]} {[%emt 00:05:42]}
11. O-O {[%clk 00:43:06]} {[%emt 00:14:07]} Re8 {[%clk 01:04:42]} {[%emt
00:06:19]} 12. Rfe1 {[%clk 00:39:46]} {[%emt 00:03:51]} Qf8 {[%clk 01:01:34]}
{[%emt 00:03:37]} 13. Bf4 {[%clk 00:32:14]} {[%emt 00:08:02]} Ra7 {[%clk
00:53:05]} {[%emt 00:09:00]} 14. Kh1 {[%clk 00:32:02]} {[%emt 00:00:42]} Nh5
{[%clk 00:51:55]} {[%emt 00:01:39]} 15. Be3 {[%clk 00:32:11]} {[%emt 00:00:22]}
Rb7 {[%clk 00:51:47]} {[%emt 00:00:39]} 16. Rab1 {[%clk 00:30:00]} {[%emt
00:02:41]} Rb8 {[%clk 00:49:38]} {[%emt 00:02:39]} 17. Nb3 {[%clk 00:23:08]}
{[%emt 00:07:22]} d6 {[%clk 00:49:12]} {[%emt 00:00:55]} 18. Ba7 {[%clk
00:20:14]} {[%emt 00:03:24]} Ra8 {[%clk 00:48:57]} {[%emt 00:00:45]} 19. Bd4
{[%clk 00:18:31]} {[%emt 00:02:13]} Be6 {[%clk 00:40:25]} {[%emt 00:09:02]} 20.
Na5 {[%clk 00:15:27]} {[%emt 00:03:34]} c5 {[%clk 00:38:45]} {[%emt 00:02:10]}
21. Bxg7 {[%clk 00:15:22]} {[%emt 00:00:35]} Qxg7 {[%clk 00:38:42]} {[%emt
00:00:33]} 22. Nd5 {[%clk 00:14:08]} {[%emt 00:01:44]} Rac8 {[%clk 00:36:34]}
{[%emt 00:02:38]} 23. Nc6 {[%clk 00:10:21]} {[%emt 00:04:17]} Qf8 {[%clk
00:32:07]} {[%emt 00:04:57]} 24. g4 {[%clk 00:01:11]} {[%emt 00:09:41]} Bxd5
{[%clk 00:32:08]} {[%emt 00:00:29]} 25. Qxd5 {[%clk 00:01:34]} {[%emt
00:00:07]} Nf4 {[%clk 00:30:52]} {[%emt 00:01:45]} 26. Qg5 {[%clk 00:01:38]}
{[%emt 00:00:26]} Ne6 {[%clk 00:30:08]} {[%emt 00:01:14]} 27. Qf6 {[%clk
00:02:02]} {[%emt 00:00:07]} Ra8 {[%clk 00:30:15]} {[%emt 00:00:24]} 28. b4
{[%clk 00:00:42]} {[%emt 00:01:50]} cxb4 {[%clk 00:28:32]} {[%emt 00:02:12]} 29.
Rxb4 {[%clk 00:01:08]} {[%emt 00:00:05]} a5 {[%clk 00:28:21]} {[%emt 00:00:40]}
30. Rc4 {[%clk 00:01:05]} {[%emt 00:00:33]} Nc5 {[%clk 00:28:16]} {[%emt
00:00:36]} 31. Rb1 {[%clk 00:00:35]} {[%emt 00:01:00]} Ra6 {[%clk 00:25:09]}
{[%emt 00:03:37]} 32. Qc3 {[%clk 00:00:31]} {[%emt 00:00:34]} Rxc6 {[%clk
00:24:55]} {[%emt 00:00:12]} 0-1

[Event "Hoogeveen Open"]
[Site "Hoogeveen, Netherlands"]
[Date "2018.10.22"]
[Round "3.10"]
[White "Zwirs, Nico"]
[Black "Wedda, Dries"]
[Result "1-0"]
[WhiteElo "2410"]
[BlackElo "2216"]

1. e4 {[%clk 01:30:58]} {[%emt 00:00:01]} c5 {[%clk 01:28:44]} {[%emt
00:02:16]} 2. Nf3 {[%clk 01:31:20]} {[%emt 00:00:09]} d6 {[%clk 01:28:37]}
{[%emt 00:00:37]} 3. d4 {[%clk 01:31:43]} {[%emt 00:00:07]} cxd4 {[%clk
01:28:57]} {[%emt 00:00:11]} 4. Nxd4 {[%clk 01:32:10]} {[%emt 00:00:02]} Nf6
{[%clk 01:29:19]} {[%emt 00:00:07]} 5. Nc3 {[%clk 01:32:34]} {[%emt 00:00:07]}
a6 {[%clk 01:29:45]} {[%emt 00:00:05]} 6. Be3 {[%clk 01:32:56]} {[%emt
00:00:07]} e5 {[%clk 01:30:11]} {[%emt 00:00:05]} 7. Nb3 {[%clk 01:33:19]}
{[%emt 00:00:06]} Be6 {[%clk 01:30:35]} {[%emt 00:00:05]} 8. f4 {[%clk
01:33:34]} {[%emt 00:00:15]} exf4 {[%clk 01:23:58]} {[%emt 00:07:07]} 9. Bxf4
{[%clk 01:34:03]} {[%emt 00:00:02]} Nc6 {[%clk 01:17:30]} {[%emt 00:06:58]} 10.
Qe2 {[%clk 01:34:05]} {[%emt 00:00:27]} Be7 {[%clk 01:10:43]} {[%emt 00:07:18]}
11. h3 {[%clk 01:34:27]} {[%emt 00:00:08]} Qc7 {[%clk 01:03:10]} {[%emt
00:08:03]} 12. O-O-O {[%clk 01:34:32]} {[%emt 00:00:24]} O-O {[%clk 00:50:39]}
{[%emt 00:13:02]} 13. Kb1 {[%clk 01:34:58]} {[%emt 00:00:04]} b5 {[%clk
00:44:34]} {[%emt 00:06:35]} 14. g4 {[%clk 01:35:15]} {[%emt 00:00:12]} Ne5
{[%clk 00:34:40]} {[%emt 00:10:25]} 15. g5 {[%clk 01:35:27]} {[%emt 00:00:17]}
Nfd7 {[%clk 00:34:34]} {[%emt 00:00:37]} 16. Nd4 {[%clk 01:20:17]} {[%emt
00:15:39]} Nb6 {[%clk 00:22:41]} {[%emt 00:12:24]} 17. Nf5 {[%clk 01:19:42]}
{[%emt 00:01:04]} Bxf5 {[%clk 00:22:49]} {[%emt 00:00:23]} 18. exf5 {[%clk
01:20:00]} {[%emt 00:00:12]} Rfe8 {[%clk 00:16:57]} {[%emt 00:06:21]} 19. Bg2
{[%clk 01:17:20]} {[%emt 00:03:09]} Rac8 {[%clk 00:17:13]} {[%emt 00:00:15]} 20.
Nd5 {[%clk 01:17:37]} {[%emt 00:00:12]} Nxd5 {[%clk 00:17:37]} {[%emt
00:00:08]} 21. Bxd5 {[%clk 01:17:57]} {[%emt 00:00:10]} Bf8 {[%clk 00:16:18]}
{[%emt 00:01:49]} 22. Qg2 {[%clk 01:18:17]} {[%emt 00:00:10]} Kh8 {[%clk
00:13:48]} {[%emt 00:03:00]} 23. h4 {[%clk 01:18:16]} {[%emt 00:00:31]} Nc4
{[%clk 00:12:57]} {[%emt 00:01:21]} 24. Qf2 {[%clk 01:14:27]} {[%emt 00:04:17]}
a5 {[%clk 00:04:05]} {[%emt 00:09:24]} 25. h5 {[%clk 01:06:06]} {[%emt
00:08:50]} a4 {[%clk 00:02:11]} {[%emt 00:02:25]} 26. h6 {[%clk 01:05:55]}
{[%emt 00:00:41]} Nxb2 {[%clk 00:02:01]} {[%emt 00:00:39]} 27. hxg7+ {[%clk
01:02:19]} {[%emt 00:04:07]} Bxg7 {[%clk 00:02:30]} {[%emt 00:00:01]} 28. Qh2
{[%clk 01:00:19]} {[%emt 00:02:29]} h6 {[%clk 00:02:54]} {[%emt 00:00:07]} 29.
f6 {[%clk 01:00:17]} {[%emt 00:00:32]} Bf8 {[%clk 00:01:43]} {[%emt 00:01:41]}
30. Qxh6+ {[%clk 01:00:31]} {[%emt 00:00:17]} Bxh6 {[%clk 00:02:05]} {[%emt
00:00:07]} 31. Rxh6+ {[%clk 01:00:44]} {[%emt 00:00:16]} Kg8 {[%clk 00:02:34]}
{[%emt 00:00:02]} 32. Rdh1 {[%clk 00:53:03]} {[%emt 00:08:10]} Qxc2+ {[%clk
00:02:05]} {[%emt 00:01:00]} 33. Ka1 {[%clk 00:52:32]} {[%emt 00:01:01]} Re1+
{[%clk 00:01:53]} {[%emt 00:00:43]} 34. Rxe1 {[%clk 00:53:01]} {[%emt
00:00:01]} Nd1 {[%clk 00:02:13]} {[%emt 00:00:10]} 35. Bxf7+ {[%clk 00:53:12]}
{[%emt 00:00:18]} Kf8 {[%clk 00:02:14]} {[%emt 00:00:29]} 36. Bxd6+ {[%clk
00:53:31]} {[%emt 00:00:12]} 1-0